Movies Quiz

Random Movies or Quote Quiz

Follow that Line - The Living Daylights Quiz Stats

 Plays Quiz not verified by Sporcle

Score 0/20 Timer 08:00
1 Play Today
% Correct
Are you calling me a horse's arse?
85.5%
Believe me, my interest in her is purely professional.
83.8%
You're the first.
83.5%
We have an old saying too, Georgi...and you're full of it.
82.9%
To defuse a bomb.
82.6%
It's called a 'Ghetto Blaster'.
81.7%
Then I must die.
81.7%
Kara, we're inside a Russian airbase in the middle of Afghanistan.
81.2%
I'm reenacting the battle as I would have fought it.
80.6%
Stuff my orders!
80.3%
% Correct
We can just make dinner.
80%
Just a cello.
79.4%
We both have.
78.6%
Salt corrosion.
77.7%
Hell, you can have him.
76.2%
You don't find too many normal people in this business, Q.
75.4%
They all have names.
74.5%
Correct, you should have brought lilies.
72.2%
Better make that two.
70.7%
I told you the British believed me!
65.8%

You're not logged in!

Compare scores with friends on all Sporcle quizzes.
OR
Log In

Show Comments

Extras

Top Quizzes Today


Score Distribution

Your Account Isn't Verified!

In order to create a playlist on Sporcle, you need to verify the email address you used during registration. Go to your Sporcle Settings to finish the process.

Report this User

Report this user for behavior that violates our Community Guidelines.

Details: